000 00653cam a2200181 i 4500
005 20251120110036.0
008 250721q9999 ua gr 000 0 ara d
020 _a977134174X
082 1 4 _a210.913343
_bم ج د
100 1 _aالشهاوي، مجدي محمد
_eمؤلف.
245 1 0 _aحسن الحاسدين بين العلم و الدين :
_bحقيقة الحسد وعلاج المحسود /
_cمجدي محمد الشهاوى.
264 3 1 _aالقاهرة :
_bمكتبة القرآن،
_c[بين 1900 و1999].
300 _a107صفحة.
650 1 7 _aالإسلام.
650 1 7 _aالسحر.
942 _2ddc
_cBK
999 _c3938
_d3938